| 000 | 00928nam a22003257a 4500 | ||
|---|---|---|---|
| 001 | BR2015002087 | ||
| 003 | BR-BrBNA | ||
| 005 | 20230928104610.0 | ||
| 007 | ta | ||
| 008 | 230509b bl.||||| |||| 00| 0 por d | ||
| 040 |
_aBR-BrBNA _bpor _cBiblioteca Nacional de Agricultura |
||
| 041 | _a(Por) | ||
| 072 | _aP05; P06 | ||
| 090 | _ P05 BR2015002087 | ||
| 100 | 1 | _aSouza, A.A.S. de (ed.) | |
| 100 | 1 | _aAlexandrino, A.R. de R. e (ed.) | |
| 100 | 1 | _aFerreira, J. (ed.) | |
| 110 | 1 |
_aEletrobrás, Centrais Elétricas Brasileiras, Brasília, DF (Brasil) _93502 |
|
| 245 | 1 | _aEstado de Alagoas: Atlas eólico | |
| 260 | 3 |
_aBrasília, DF (Brasil): _c2008. |
|
| 300 | _a67 p. | ||
| 500 | _a29 ref.; 8 maps, scale 1: 750,000 | ||
| 650 | _aENERGIA EÓLICA | ||
| 650 | _aALAGOAS | ||
| 650 | _aMACEIÓ | ||
| 650 | _aENERGIA ELÉTRICA | ||
| 650 | _aTECNOLOGIA | ||
| 909 |
_a202309 _bLucia _c55 _dLucia Elande |
||
| 942 | _cBK | ||
| 999 |
_c80772 _d80772 |
||